Countries in Jojo's Bizarre Adventure (Parts 1-6) - Statistics

General Stats
  • This quiz has been taken 329 times
  • The average score is 9 of 12
Answers on the Map
Answers color-coded by a green-red scale on the quiz's map according to % correct below.
 
Answer Stats
Answer % Correct
Japan
98%
United States
98%
Egypt
95%
Italy
89%
India
83%
China
80%
UK
74%
Mexico
71%
Pakistan
65%
Saudi Arabia
63%
Singapore
53%
Switzerland
50%
No matching quizzes found
Score Distribution
Percent of People with Each Score
Percentile by Number Answered
Your Score History
You have not taken this quiz